000 02430cam a22006254i 4500
003 PE-LiUPU
005 20250731180052.0
008 100223s2009 mx r 000 0 spa d
020 _a6070500792
020 _a9786070500794
035 _a(Sirsi) i9786070500794
040 _aPE-LiUPU
_bspa
_cPE-LiUPU
_erda
041 1 _aspa
_heng
049 _aPRUA
082 0 4 _a515
_bA59
_223
090 _aQA 303.2
_bA5718.2009
100 1 _aAnton, Howard,
_eautor.
240 1 0 _aCalculus : early transcendentals single and multivariable.
_lEspañol
245 1 0 _aCálculo :
_btrascendentes tempranas = calculus early transcendentals sigle and multivariable /
_cHoward Anton, Irl Bivens, Stephen Davis ; colaborador en la traducción, Guillermo García Talavera.
264 1 _aMéxico, D.F. :
_bLimusa,
_c2009.
300 _apaginación variada :
_bilustraciones ;
_c28 centímetros
336 _atext
_2rdacontent
337 _aunmediated
_2rdamedia
338 _avolume
_2rdacarrier
504 _aIncluye índice.
505 0 _aLímites y continuidad -- La derivada -- La derivadas de funciones logarítmicas, exponenciales y trigonométricas inversas -- La derivada en graficación y aplicaciones -- Integración -- Aplicaciones de la integral definida en geometría, ciencias.
526 _aSEG44
526 _aSEG26
526 _aP159
526 _aP155
526 _aP154
526 _aP153
526 _aP150
526 _aP100
526 _aP31
526 _aP30
526 _aP26
526 _aP25
526 _aP24
526 _aP22
526 _aP15
526 _aP10
534 _pTítulo original :
_tCalculus : early transcendentals single and multivariable.
650 4 _aCálculo.
700 1 _aBivens, Irl,
_eautor.
700 1 _aDavis Stephen,
_eautor.
700 1 _aGarcía Talavera, Guillermo,
_ecolaborador traducción.
910 _cng
_d20140630
942 _2ddc
_cBOOK
949 _a515 A59
_wDEWEY
_c1
_i70158
_d2016-8-17
_e2016-8-14
_lCCODEBUL1
_mBUL
_n3
_p51.00
_r0
_sY
_tBOOK
_u2015-7-21
_xFCE
_PP04
_0COMPRA
_o.STAFF. Colección General
994 _aC0
_bPEPRU
596 _a1
999 _a515 A59
_wDEWEY
_c6513
_i70158
_d6513
_e2016-8-14
_f2021-11-9
_g6
_lCCODEBUL1
_mBUL
_n3
_p51.00
_q1
_r0
_sY
_tBOOK
_u2015-7-21
_xINGENIERIA
_PP04
_0COMPRA
_o.STAFF. Colección General
980 _81
_gALBERTO SANCHEZ Responsable de Automatización